000 01041nam a22002777a 4500
999 _c5298
_d5298
003 AR-CdUCM
008 190312b ||||| |||| 00| 0 spa d
040 _aMUNICIPALIDAD PROVINCIAL DEL CUSCO
_cBIBLIOTECA MUNICIPAL DEL CUSCO
082 _a335.008 /
_bL29
100 _aLauer, Mirko
_91114
245 _aFrente al Perú oligárquico (1928-1968) /
260 _aLima :
_bMosca Azul,
_c1977.
300 _a187 paginas ;
_c20 cm.
440 _aDebate socialista
_n1
_916016
505 _aEl movimiento popular en los años 20-30 -- Hubo situación revolucionaria en los años 30 -- Debilidad y fuerza del movimiento obrero en los años 60 -- Las alianzas del movimiento popular en los años 60 ...
650 _aSocialismo
_91037
650 _aPerú
_935
650 _aAsambleas y debates
_914715
650 _aMovimiento popular
_93925
700 _aArias Schreiber, Félix
_914717
700 _aDammert, Manuel
_914718
700 _aEspinoza, Gustavo
_914719
700 _aLetts, Ricardo
_97953
942 _2ddc
_cLIBROS
945 _aacv